00341nam a22001097a 4500008004100000082001300041110000900054245009700063260003600160300000800196440002700204230605b xxu||||| |||| 00| 0 eng d a327bDIP d2007 aDiplomatic HistorycThe Journal of the Society for Historians of Americans Foreign Relations aUSAbBlackwell Publishingc2007 a361 n2pAprilv31x14677709